Corporate entrepreneurship : (Record no. 7148)
[ view plain ]
| 000 -LEADER | |
|---|---|
| fixed length control field | 00641cam a22002052 4500 |
| 001 - CONTROL NUMBER | |
| control field | 0000005987 |
| 005 - DATE AND TIME OF LATEST TRANSACTION | |
| control field | 20151217152010.0 |
| 008 - FIXED-LENGTH DATA ELEMENTS--GENERAL INFORMATION | |
| fixed length control field | 070911s xx 000 0 eng d |
| 020 ## - INTERNATIONAL STANDARD BOOK NUMBER | |
| International Standard Book Number | 0521531977 : |
| Terms of availability | KES 3,450 |
| 040 ## - CATALOGING SOURCE | |
| Original cataloging agency | KABU |
| Transcribing agency | KABU |
| 100 1# - MAIN ENTRY--PERSONAL NAME | |
| Personal name | Sathe, Vijay. |
| -- | 0000157318 |
| 245 10 - TITLE STATEMENT | |
| Title | Corporate entrepreneurship : |
| Remainder of title | top managers and new business creation / |
| Statement of responsibility, etc. | Vijay Sathe. |
| 260 ## - PUBLICATION, DISTRIBUTION, ETC. (IMPRINT) | |
| Place of publication, distribution, etc. | Cambridge : |
| Name of publisher, distributor, etc. | CUP, |
| Date of publication, distribution, etc. | 2003. |
| 300 ## - PHYSICAL DESCRIPTION | |
| Extent | xvii, 387 p. |
| 650 #0 - SUBJECT ADDED ENTRY--TOPICAL TERM | |
| Topical term or geographic name as entry element | Entrepreneurship. |
| -- | 0000148283 |
| 650 #0 - SUBJECT ADDED ENTRY--TOPICAL TERM | |
| Topical term or geographic name as entry element | Creative ability in business. |
| -- | 0000157319 |
| 908 ## - PUT COMMAND PARAMETER (RLIN) | |
| Put command parameter | 070911 |
| 950 ## - LOCAL HOLDINGS (RLIN) | |
| -- | 1 |
| Withdrawn status | Lost status | Source of classification or shelving scheme | Not for loan | Home library | Current library | Date acquired | Total Checkouts | Full call number | Barcode | Date last seen | Date last checked out | Price effective from | Koha item type |
|---|---|---|---|---|---|---|---|---|---|---|---|---|---|
| Library of Congress Classification | Kabarak, Main Campus | Kabarak, Main Campus | 17/12/2015 | 1 | HB615 .S28 | 005021 | 02/08/2024 | 21/01/2022 | 17/12/2015 | General Collection |